000 00654nam a2200193Ia 4500
005 20250807104730.0
008 250807s9999 xx 000 0 und d
020 _a9780700704200
082 _a958.6086
_bDJA
100 _aDjalili, Mohammad Reza
245 0 _aTajikistan
245 0 _cDjalili, Mohammad Reza; Grare, Frédéric; Akiner, Shirin
260 _bPsychology Press
_c1998
300 _a250 pages
520 _aExamines the causes of the post-independence turmoil, and analyses social and political dynamics at work throughout Central Asia.
650 _aHistory
700 _aGrare, FrédéricAkiner, Shirin
942 _cENGLISH
999 _c579004
_d579004